000
00229nam a2200085Ia 4500
008
220204s9999 xx 000 0 und d
245
0
_a
Mad's dave berg looks at things
260
_a
New Jersy
_b
New American Library
_c
1967
942
_c
BK
999
_c
35735
_d
35735